<?xml version="1.0" encoding="UTF-8"?>
<record
    xmlns:xsi="http://www.w3.org/2001/XMLSchema-instance"
    xsi:schemaLocation="http://www.loc.gov/MARC21/slim http://www.loc.gov/standards/marcxml/schema/MARC21slim.xsd"
    xmlns="http://www.loc.gov/MARC21/slim">

  <leader>01706nam0a2200361   4500</leader>
  <controlfield tag="001">RU\NLR\bibl\1659911</controlfield>
  <controlfield tag="005">20260406091711.0</controlfield>
  <datafield tag="010" ind1=" " ind2=" ">
    <subfield code="a">978-5-7533-0402-5</subfield>
    <subfield code="9">1500</subfield>
  </datafield>
  <datafield tag="021" ind1=" " ind2=" ">
    <subfield code="a">RU</subfield>
    <subfield code="b">2010-47271</subfield>
    <subfield code="9">3139</subfield>
  </datafield>
  <datafield tag="035" ind1=" " ind2=" ">
    <subfield code="a">(NLR Aleph) 001651202</subfield>
  </datafield>
  <datafield tag="090" ind1=" " ind2=" ">
    <subfield code="a">922934</subfield>
    <subfield code="c">922934</subfield>
  </datafield>
  <datafield tag="100" ind1=" " ind2=" ">
    <subfield code="a">20100730d2010    |||y0rusy50      ca</subfield>
  </datafield>
  <datafield tag="101" ind1="0" ind2=" ">
    <subfield code="a">rus</subfield>
  </datafield>
  <datafield tag="102" ind1=" " ind2=" ">
    <subfield code="a">RU</subfield>
  </datafield>
  <datafield tag="105" ind1=" " ind2=" ">
    <subfield code="a">y   |||||||||</subfield>
  </datafield>
  <datafield tag="200" ind1="1" ind2=" ">
    <subfield code="a">&#x417;&#x430;&#x432;&#x435;&#x442;&#x43D;&#x44B;&#x435; &#x43C;&#x44B;&#x441;&#x43B;&#x438; &#x414;&#x43C;&#x438;&#x442;&#x440;&#x438;&#x44F; &#x41C;&#x435;&#x43D;&#x434;&#x435;&#x43B;&#x435;&#x435;&#x432;&#x430;</subfield>
    <subfield code="f">[&#x440;&#x435;&#x434;.-&#x441;&#x43E;&#x441;&#x442;. &#x422;&#x430;&#x442;&#x44C;&#x44F;&#x43D;&#x430; &#x421;&#x43E;&#x43A;&#x43E;&#x43B;&#x43E;&#x432;&#x430;]</subfield>
  </datafield>
  <datafield tag="210" ind1=" " ind2=" ">
    <subfield code="a">&#x41C;&#x43E;&#x441;&#x43A;&#x432;&#x430;</subfield>
    <subfield code="c">&#x418;&#x437;&#x434;-&#x432;&#x43E; &#x421;&#x440;&#x435;&#x442;&#x435;&#x43D;&#x441;&#x43A;&#x43E;&#x433;&#x43E; &#x43C;&#x43E;&#x43D;&#x430;&#x441;&#x442;&#x44B;&#x440;&#x44F;</subfield>
    <subfield code="d">2010</subfield>
  </datafield>
  <datafield tag="215" ind1=" " ind2=" ">
    <subfield code="a">509, [2] c.</subfield>
    <subfield code="d">20</subfield>
  </datafield>
  <datafield tag="225" ind1="1" ind2=" ">
    <subfield code="a">&#x417;&#x430;&#x432;&#x435;&#x442;&#x43D;&#x44B;&#x435; &#x43C;&#x44B;&#x441;&#x43B;&#x438;</subfield>
  </datafield>
  <datafield tag="320" ind1=" " ind2=" ">
    <subfield code="a">&#x411;&#x438;&#x431;&#x43B;&#x438;&#x43E;&#x433;&#x440;.: &#x441;. 508</subfield>
  </datafield>
  <datafield tag="327" ind1="1" ind2=" ">
    <subfield code="a">&#x412; &#x43A;&#x43D;. &#x442;&#x430;&#x43A;&#x436;&#x435;: &#x412;&#x43E;&#x441;&#x43F;&#x43E;&#x43C;&#x438;&#x43D;&#x430;&#x43D;&#x438;&#x44F; &#x43E; &#x414;.&#x418;. &#x41C;&#x435;&#x43D;&#x434;&#x435;&#x43B;&#x435;&#x435;&#x432;&#x435;</subfield>
  </datafield>
  <datafield tag="600" ind1=" " ind2="1">
    <subfield code="a">&#x41C;&#x435;&#x43D;&#x434;&#x435;&#x43B;&#x435;&#x435;&#x432;</subfield>
    <subfield code="b">&#x414;.&#x418;.</subfield>
    <subfield code="f">1834 - 1907</subfield>
    <subfield code="g">&#x414;&#x43C;&#x438;&#x442;&#x440;&#x438;&#x439; &#x418;&#x432;&#x430;&#x43D;&#x43E;&#x432;&#x438;&#x447;</subfield>
    <subfield code="9">1557978</subfield>
    <subfield code="3">RU\NLR\auth\66681154</subfield>
  </datafield>
  <datafield tag="607" ind1=" " ind2=" ">
    <subfield code="a">&#x420;&#x43E;&#x441;&#x441;&#x438;&#x44F;</subfield>
    <subfield code="x">&#x41E;&#x431;&#x449;&#x435;&#x441;&#x442;&#x432;&#x435;&#x43D;&#x43D;&#x430;&#x44F; &#x43C;&#x44B;&#x441;&#x43B;&#x44C;</subfield>
    <subfield code="z">19 &#x432;.</subfield>
    <subfield code="9">1402287</subfield>
    <subfield code="3">RU\NLR\auth\66277936</subfield>
  </datafield>
  <datafield tag="686" ind1=" " ind2=" ">
    <subfield code="a">&#x413;.&#x434;(2)&#x41C;&#x435;&#x43D;&#x434;&#x435;&#x43B;&#x435;&#x435;&#x432;</subfield>
  </datafield>
  <datafield tag="686" ind1=" " ind2=" ">
    <subfield code="a">&#x422;3(2)5-72</subfield>
  </datafield>
  <datafield tag="700" ind1=" " ind2="1">
    <subfield code="4">070</subfield>
    <subfield code="8">rus</subfield>
    <subfield code="7">ca</subfield>
    <subfield code="a">&#x41C;&#x435;&#x43D;&#x434;&#x435;&#x43B;&#x435;&#x435;&#x432;</subfield>
    <subfield code="b">&#x414;. &#x418;.</subfield>
    <subfield code="c">&#x445;&#x438;&#x43C;&#x438;&#x43A;, &#x43E;&#x431;&#x449;&#x435;&#x441;&#x442;&#x432;. &#x434;&#x435;&#x44F;&#x442;&#x435;&#x43B;&#x44C;</subfield>
    <subfield code="f">1834-1907</subfield>
    <subfield code="g">&#x414;&#x43C;&#x438;&#x442;&#x440;&#x438;&#x439; &#x418;&#x432;&#x430;&#x43D;&#x43E;&#x432;&#x438;&#x447;</subfield>
    <subfield code="3">RU\NLR\AUTH\7761468</subfield>
    <subfield code="9">44398</subfield>
  </datafield>
  <datafield tag="702" ind1=" " ind2="1">
    <subfield code="4">220</subfield>
    <subfield code="8">rus</subfield>
    <subfield code="7">ca</subfield>
    <subfield code="a">&#x421;&#x43E;&#x43A;&#x43E;&#x43B;&#x43E;&#x432;&#x430;</subfield>
    <subfield code="b">&#x422;. &#x410;.</subfield>
    <subfield code="c">&#x43B;&#x438;&#x442;&#x435;&#x440;&#x430;&#x442;&#x43E;&#x440;, &#x43F;&#x43E;&#x43F;&#x443;&#x43B;&#x44F;&#x440;&#x438;&#x437;&#x430;&#x442;&#x43E;&#x440;</subfield>
    <subfield code="g">&#x422;&#x430;&#x442;&#x44C;&#x44F;&#x43D;&#x430; &#x410;&#x43B;&#x435;&#x43A;&#x441;&#x430;&#x43D;&#x434;&#x440;&#x43E;&#x432;&#x43D;&#x430;</subfield>
    <subfield code="3">RU\NLR\AUTH\7757414</subfield>
    <subfield code="9">40346</subfield>
  </datafield>
  <datafield tag="801" ind1=" " ind2="0">
    <subfield code="a">RU</subfield>
    <subfield code="b">NLR</subfield>
    <subfield code="c">20100730</subfield>
    <subfield code="g">RCR</subfield>
  </datafield>
  <datafield tag="801" ind1=" " ind2="1">
    <subfield code="a">RU</subfield>
    <subfield code="b">NLR</subfield>
    <subfield code="c">20100730</subfield>
  </datafield>
  <datafield tag="942" ind1=" " ind2=" ">
    <subfield code="c">BOOK</subfield>
  </datafield>
  <datafield tag="980" ind1=" " ind2=" ">
    <subfield code="a">NB</subfield>
  </datafield>
  <datafield tag="995" ind1=" " ind2=" ">
    <subfield code="5">2010-07-30</subfield>
    <subfield code="a">ad</subfield>
    <subfield code="b">NLR01</subfield>
    <subfield code="c">NLR01</subfield>
    <subfield code="e">RF8</subfield>
    <subfield code="f">1-2683808</subfield>
    <subfield code="k">2010-3/25693</subfield>
    <subfield code="o">0</subfield>
    <subfield code="r">BOOK</subfield>
    <subfield code="s">2010325693_</subfield>
  </datafield>
  <datafield tag="995" ind1=" " ind2=" ">
    <subfield code="5">2010-07-30</subfield>
    <subfield code="a">ad</subfield>
    <subfield code="b">NLR01</subfield>
    <subfield code="c">NLR01</subfield>
    <subfield code="e">RF8</subfield>
    <subfield code="f">1-254716</subfield>
    <subfield code="k">2010-3/25693</subfield>
    <subfield code="o">0</subfield>
    <subfield code="r">BOOK</subfield>
    <subfield code="s">2010325693_</subfield>
  </datafield>
</record>
